[Event "EU-ch U12 Girls 31st"]
[Site "Mamaia"]
[Date "2023.09.09"]
[Round "5"]
[White "Zengin, Ovgu"]
[Black "Tokarz, Gabriela"]
[Result "1-0"]
[WhiteElo "1414"]
[BlackElo "1627"]
[PlyCount "73"]
[EventDate "2023.09.05"]
[EventType "swiss"]
[EventRounds "9"]
[EventCountry "ROU"]
[SourceTitle "EXT 2024"]
[Source "ChessBase"]
[SourceDate "2023.10.10"]
[SourceVersion "1"]
[SourceVersionDate "2023.10.10"]
[SourceQuality "1"]

1. e4 c5 2. Nf3 e6 3. c3 d5 4. exd5 Qxd5 5. d4 Nc6 6. Na3 Nf6 7. Be3 cxd4 8. Nb5 Qd8 9. Nbxd4 Nxd4 10. Bxd4 a6 11. a4 b6 12. Qb3 Bc5 13. Be2 Qe7 14. 0-0 0-0 15. a5 b5 16. c4 b4 17. Bxc5 Qxc5 18. Ne1 Bb7 19. Bf3 Bxf3 20. Nxf3 Rfc8 21. Rfc1 Ne4 22. Qc2 Nd6 23. Nd2 Rab8 24. b3 Nb7 25. Qa2 Rd8 26. Ne4 Qf5 27. f3 Qf4 28. c5 f5 29. c6 Rbc8 30. Nf2 Rd2 31. Rc2 Rxc2 32. Qxc2 Nd8 33. Qd3 Qe5 34. Rc1 Qb2 35. Rd1 Qe5 36. Qd7 Qb8 37. Qe8# 1-0

[Event "POL-ch Rapid U18 Girls"]
[Site "Bydgoszcz"]
[Date "2023.08.29"]
[Round "2"]
[White "Bogalecka, Gabriela"]
[Black "Tokarz, Gabriela"]
[Result "0-1"]
[WhiteElo "1190"]
[BlackElo "1616"]
[PlyCount "182"]
[EventDate "2023.08.28"]
[EventType "swiss"]
[EventRounds "11"]
[EventCountry "POL"]
[SourceTitle "EXT 2024"]
[Source "ChessBase"]
[SourceDate "2023.10.10"]
[SourceVersion "1"]
[SourceVersionDate "2023.10.10"]
[SourceQuality "1"]

1. e4 c5 2. Nf3 e6 3. Nc3 Nc6 4. Bc4 a6 5. a4 d6 6. d3 Nf6 7. 0-0 Be7 8. Bg5 0-0 9. Re1 h6 10. Bh4 Nd7 11. Bxe7 Qxe7 12. d4 cxd4 13. Nxd4 Nb6 14. Bb3 Bd7 15. Nxc6 Bxc6 16. Qd4 Qc7 17. a5 Nc8 18. Ne2 Ne7 19. Ng3 Rad8 20. c4 Kh8 21. Bc2 e5 22. Qd3 Bd7 23. Nf5 Bxf5 24. exf5 Ng8 25. b4 Nf6 26. b5 d5 27. bxa6 dxc4 28. Qe3 bxa6 29. Qxe5 Qxe5 30. Rxe5 Rd2 31. Rc1 Rfd8 32. Ree1 R8d5 33. Red1 Rxd1+ 34. Bxd1 Rxa5 35. Rxc4 Nd5 36. g4 Ra1 37. Rd4 Nc3 38. Kg2 Rxd1 39. Rc4 Nb5 40. Ra4 Rd6 41. h3 Kh7 42. Kg3 g6 43. fxg6+ Kxg6 44. f3 Nc7 45. h4 Rc6 46. Ra5 Nb5 47. Ra4 Nc7 48. Ra5 f6 49. h5+ Kf7 50. f4 Rc3+ 51. Kh4 Ne6 52. g5 fxg5+ 53. fxg5 Rc4+ 54. Kg3 Nxg5 55. Rxa6 Kg7 56. Rg6+ Kh7 57. Rd6 Nf7 58. Rb6 Ng5 59. Rb7+ Kg8 60. Rb8+ Kg7 61. Rb6 Re4 62. Rg6+ Kh7 63. Rc6 Ne6 64. Rb6 Ng7 65. Rb5 Kg8 66. Kh3 Kf7 67. Rb7+ Kf6 68. Rb5 Nf5 69. Rb6+ Kg5 70. Rb5 Rh4+ 71. Kg2 Rxh5 72. Kf3 Rh3+ 73. Ke4 Re3+ 74. Kd5 Re1 75. Rb2 Ne3+ 76. Kd4 Ng4 77. Rb5+ Kh4 78. Rb2 h5 79. Rg2 Kh3 80. Rd2 h4 81. Rd3+ Kg2 82. Rd2+ Nf2 83. Rd3 Nxd3 84. Kxd3 h3 85. Kd2 Re8 86. Kd1 h2 87. Kd2 h1Q 88. Kc2 Rd8 89. Kb2 Rc8 90. Kb3 Qb1+ 91. Ka3 Ra8# 0-1

[Event "POL-ch Rapid U18 Girls"]
[Site "Bydgoszcz"]
[Date "2023.08.29"]
[Round "6"]
[White "Loboda, Hanna"]
[Black "Tokarz, Gabriela"]
[Result "0-1"]
[WhiteElo "1138"]
[BlackElo "1616"]
[PlyCount "100"]
[EventDate "2023.08.28"]
[EventType "swiss"]
[EventRounds "11"]
[EventCountry "POL"]
[SourceTitle "EXT 2024"]
[Source "ChessBase"]
[SourceDate "2023.10.10"]
[SourceVersion "1"]
[SourceVersionDate "2023.10.10"]
[SourceQuality "1"]

1. e4 c5 2. Nf3 e6 3. c3 d5 4. exd5 Qxd5 5. d4 Nc6 6. Bb5 cxd4 7. Bxc6+ Qxc6 8. Qxd4 Nf6 9. Be3 Be7 10. 0-0 0-0 11. Bf4 b6 12. Nbd2 Ba6 13. Rfe1 Rfd8 14. Qe3 Qb5 15. Nb3 Rd3 16. Qc1 Rdd8 17. Nfd4 Qh5 18. Qd1 Qg6 19. Qf3 Rac8 20. Rad1 Nd5 21. Bg3 h5 22. Qe4 Qxe4 23. Rxe4 Bb7 24. Ree1 h4 25. Be5 Re8 26. h3 f6 27. Bh2 e5 28. Nf5 g5 29. Nd2 Rcd8 30. Ne4 Kf7 31. f3 Bf8 32. Kh1 Bc8 33. g4 hxg3 34. Nfxg3 Bxh3 35. Ne2 Nf4 36. Nxf4 gxf4 37. Bg1 Be7 38. Bf2 Rh8 39. Rxd8 Bxd8 40. Nd2 Ke6 41. b4 Be7 42. a4 Rc8 43. Nb1 Bf5 44. Rc1 Bxb4 45. Be1 Bc5 46. Nd2 Be3 47. Kg2 Rg8+ 48. Kh2 Rh8+ 49. Kg2 Bh3+ 50. Kh2 Bf1+ 0-1

[Event "EU-chT U12 Girls"]
[Site "Iasi"]
[Date "2023.07.25"]
[Round "2.1"]
[White "Czaeczine, Paula"]
[Black "Tokarz, Gabriela"]
[Result "0-1"]
[WhiteElo "1588"]
[BlackElo "1521"]
[PlyCount "140"]
[EventDate "2023.07.24"]
[EventType "team-swiss"]
[EventRounds "7"]
[EventCountry "ROU"]
[SourceTitle "CBM 215 Extra"]
[Source "ChessBase"]
[SourceDate "2023.09.30"]
[SourceVersion "1"]
[SourceVersionDate "2023.09.30"]
[SourceQuality "1"]
[WhiteTeam "Germany U12 Girls"]
[BlackTeam "Poland U12 Girls"]
[WhiteTeamCountry "GER"]
[BlackTeamCountry "POL"]

1. e4 c5 2. Nf3 e6 3. d4 cxd4 4. Nxd4 Nc6 5. Nc3 Qc7 6. Be3 a6 7. Qd2 Nf6 8. f3 b5 9. g4 h6 10. 0-0-0 Bb7 11. h4 Bb4 12. Be2 0-0-0 13. a3 Nxd4 14. Bxd4 Bc5 15. Bxc5 Qxc5 16. Qd6 Qxd6 17. Rxd6 Ne8 18. Rd2 Nc7 19. Rhd1 d5 20. e5 Rdf8 21. f4 f6 22. Rd4 fxe5 23. fxe5 g5 24. h5 Rf2 25. Rf1 Rhf8 26. Rxf2 Rxf2 27. Kd2 Na8 28. Nd1 Rf7 29. b3 Nb6 30. Nb2 Nd7 31. Nd3 Kc7 32. Kc3 Kb6 33. b4 Bc8 34. Kd2 Re7 35. Ke3 Rf7 36. Kd2 Re7 37. Ke3 Nb8 38. Nc5 Nc6 39. Rd1 Nxe5 40. Rf1 Rf7 41. Rxf7 Nxf7 42. Kd4 Kc6 43. c3 e5+ 44. Ke3 Nd6 45. a4 Nc4+ 46. Kf2 Kd6 47. axb5 axb5 48. Kg3 Na3 49. Bf1 Nb1 50. Bxb5 Nxc3 51. Bf1 Na2 52. Ba6 Bxa6 53. Nxa6 Kc6 54. Kf3 e4+ 55. Ke3 Kb6 56. Nc5 Nxb4 57. Nd7+ Kb5 58. Kd4 Nc2+ 59. Kxd5 e3 60. Ne5 e2 61. Nf3 e1Q 62. Nxe1 Nxe1 63. Ke6 Nd3 64. Kf5 Nf2 65. Kg6 Nxg4 66. Kf5 Ne3+ 67. Kg6 g4 68. Kxh6 g3 69. Kg7 g2 70. h6 Nf5+ 0-1

[Event "POL-chT U18 1st"]
[Site "Poland"]
[Date "2022.07.03"]
[Round "9.6"]
[White "Tokarz, Gabriela"]
[Black "Duda, Aleksandra"]
[Result "0-1"]
[WhiteElo "1472"]
[BlackElo "1371"]
[PlyCount "124"]
[EventDate "2022.06.25"]
[EventType "team-swiss"]
[EventRounds "9"]
[EventCountry "POL"]
[SourceTitle "EXT 2023"]
[Source "ChessBase"]
[SourceDate "2022.10.05"]
[SourceVersion "1"]
[SourceVersionDate "2022.10.05"]
[SourceQuality "1"]
[WhiteTeam "Myslenice MAT"]
[BlackTeam "Katowice Hetman Szopienice"]
[WhiteTeamCountry "POL"]
[BlackTeamCountry "POL"]

1. d4 d5 2. c4 e6 3. Nc3 Nf6 4. cxd5 exd5 5. Bg5 c6 6. e3 Be7 7. Bd3 0-0 8. Qc2 h6 9. Bh4 Re8 10. Nge2 Nbd7 11. 0-0 Ne4 12. Bxe7 Qxe7 13. Rab1 a5 14. a3 b5 15. Ng3 Nd6 16. b3 Nb6 17. Nce2 Bb7 18. Nf4 a4 19. b4 Nbc4 20. Bxc4 Nxc4 21. Ra1 Rad8 22. Qe2 Qg5 23. Rfc1 Rd7 24. Rc2 f5 25. Qf3 Rf7 26. Nge2 Qf6 27. g3 g5 28. Nd3 Rfe7 29. Nc5 Bc8 30. Raa2 Kh7 31. Kh1 Qg6 32. Rc1 h5 33. Rg1 Qh6 34. Nd3 Nxe3 35. Ne5 Nc4 36. Nxc4 dxc4 37. Nc3 g4 38. Qd1 Bb7 39. Rd2 h4 40. Rf1 hxg3 41. fxg3 Re3 42. Qc2 Bc8 43. Kg1 Kg7 44. d5 Qf6 45. Nd1 Rxa3 46. dxc6 Rd3 47. Rxd3 cxd3 48. Qxd3 Qxc6 49. Qd2 Qb6+ 50. Nf2 Qe3 51. Qd5 Qe5 52. Qd2 Kg6 53. Rc1 Bb7 54. Nd3 Qe3+ 55. Qxe3 Rxe3 56. Nf4+ Kf6 57. Rc7 Bf3 58. Rc5 a3 59. Rc1 Rb3 60. Ra1 Be4 61. Ne2 Rb1+ 62. Rxb1 Bxb1 0-1

[Event "Subcarpathian-chT"]
[Site "Bystre"]
[Date "2021.06.12"]
[Round "6.30"]
[White "Tokarz, Gabriela"]
[Black "Polak, Sylwia"]
[Result "1/2-1/2"]
[WhiteElo "1083"]
[BlackElo "1649"]
[PlyCount "44"]
[EventDate "2021.06.09"]
[EventType "team-tourn"]
[EventRounds "9"]
[EventCountry "POL"]
[SourceTitle "EXT 2022"]
[Source "ChessBase"]
[SourceDate "2021.10.06"]
[SourceVersion "1"]
[SourceVersionDate "2021.10.06"]
[SourceQuality "1"]

1. d4 d5 2. c4 c6 3. Nf3 Nf6 4. Nc3 e6 5. cxd5 exd5 6. Bg5 Bd6 7. e3 Nbd7 8. Bd3 0-0 9. Qc2 h6 10. Bh4 Re8 11. 0-0 g5 12. Bg3 Qe7 13. Rab1 Bxg3 14. hxg3 Ne4 15. Rfe1 Ndf6 16. Nd2 Bf5 17. b4 Rac8 18. Ndxe4 Nxe4 19. Nxe4 Bxe4 20. Bxe4 Qxe4 21. Qxe4 Rxe4 22. a4 Re7 1/2-1/2

[Event "Subcarpathian-chT"]
[Site "Bystre"]
[Date "2021.06.10"]
[Round "3.18"]
[White "Fic, Joanna"]
[Black "Tokarz, Gabriela"]
[Result "0-1"]
[WhiteElo "1004"]
[BlackElo "1083"]
[PlyCount "62"]
[EventDate "2021.06.09"]
[EventType "team-tourn"]
[EventRounds "9"]
[EventCountry "POL"]
[SourceTitle "EXT 2022"]
[Source "ChessBase"]
[SourceDate "2021.10.06"]
[SourceVersion "1"]
[SourceVersionDate "2021.10.06"]
[SourceQuality "1"]

1. e4 c5 2. Nf3 d6 3. d4 cxd4 4. Nxd4 Nf6 5. Nc3 g6 6. Bc4 Bg7 7. 0-0 0-0 8. Bg5 Nc6 9. Qd2 a6 10. Rae1 Nxd4 11. Qxd4 Qc7 12. Bb3 Ng4 13. Qd2 Re8 14. h3 Nf6 15. f4 Qc5+ 16. Qe3 Qxe3+ 17. Rxe3 Nh5 18. Nd5 Bd4 19. Nc7 Bxe3+ 20. Kh2 Bd7 21. Nxa8 Rxa8 22. Rf3 Bc5 23. Bxe7 Re8 24. Bh4 Rxe4 25. c3 Re2 26. Bc4 Rxb2 27. Kh1 Bc6 28. Rf1 Bxg2+ 29. Kh2 Bxf1+ 30. Kh1 Bg2+ 31. Kh2 Bf3+ 0-1